| 000 | 01213cam a2200361 i 4500 | ||
|---|---|---|---|
| 001 | 120425 | ||
| 003 | BJBSDDR | ||
| 005 | 20241018142817.0 | ||
| 007 | ta | ||
| 008 | 241018s2021 fr a 000 0 fre | ||
| 020 | _a97822471418036 | ||
| 040 |
_aBJBSDDR _bspa _cBJBSDDR |
||
| 041 | _afre | ||
| 050 | 1 | 4 |
_aKJV 7974 _bC669 2021 |
| 245 | 0 | 0 |
_aCode Pénal : _bannoté / _cAnnotations de jurisprudence et bibliographie par Yves Mayaud. |
| 250 | _a119e édition. | ||
| 260 |
_aParis : _bDalloz, _c2021. |
||
| 300 |
_a1 vol. (XXXI-3258 p.) ; _c20 cm. |
||
| 440 | 0 | _aPetits codes Dalloz. | |
| 650 | 0 |
_aDroit pénal _zFrance _xCodes. |
|
| 650 | 4 |
_aDerecho penal _zFrancia _xCódigos _94952 |
|
| 650 | 4 |
_aDerecho Criminal _zFrancia _92502 |
|
| 650 | 0 | _aDe la Responsabilité Pénale. | |
| 650 | 0 | _aDes Crimes et contre les Personnes. | |
| 650 | 0 | _aDes Crimes et délits contre les Biens. | |
| 650 | 0 | _aDes Crimes et Délits contre la Nation, l'état et la Paix Publique. | |
| 650 | 0 | _aDes Crimes et Des Délits de Guerre. | |
| 650 | 4 | _aIDEF | |
| 650 | 4 | _aInstitut International du droit d'exopression et d'inspiration françaises | |
| 700 | 1 | _aMayaud, Yves. | |
| 942 |
_2lcc _cBK _n0 |
||
| 946 | _almd | ||
| 999 |
_c122273 _d122273 |
||